<?xml version="1.0" encoding="UTF-8"?><?xml-stylesheet type="text/xsl" href="static/style.xsl"?><OAI-PMH xmlns="http://www.openarchives.org/OAI/2.0/" xmlns:xsi="http://www.w3.org/2001/XMLSchema-instance" xsi:schemaLocation="http://www.openarchives.org/OAI/2.0/ http://www.openarchives.org/OAI/2.0/OAI-PMH.xsd"><responseDate>2026-04-27T12:58:18Z</responseDate><request verb="GetRecord" identifier="oai:uvadoc.uva.es:10324/56564" metadataPrefix="marc">https://uvadoc.uva.es/oai/request</request><GetRecord><record><header><identifier>oai:uvadoc.uva.es:10324/56564</identifier><datestamp>2023-10-17T07:06:48Z</datestamp><setSpec>com_10324_38</setSpec><setSpec>col_10324_852</setSpec></header><metadata><record xmlns="http://www.loc.gov/MARC21/slim" xmlns:doc="http://www.lyncode.com/xoai" xmlns:xsi="http://www.w3.org/2001/XMLSchema-instance" xmlns:dcterms="http://purl.org/dc/terms/" xsi:schemaLocation="http://www.loc.gov/MARC21/slim http://www.loc.gov/standards/marcxml/schema/MARC21slim.xsd">
<leader>00925njm 22002777a 4500</leader>
<datafield tag="042" ind1=" " ind2=" ">
<subfield code="a">dc</subfield>
</datafield>
<datafield tag="720" ind1=" " ind2=" ">
<subfield code="a">Martín Asenjo, Elisa</subfield>
<subfield code="e">author</subfield>
</datafield>
<datafield tag="260" ind1=" " ind2=" ">
<subfield code="c">2022</subfield>
</datafield>
<datafield tag="520" ind1=" " ind2=" ">
<subfield code="a">El turismo rural para Castilla y León es una seña de identidad, esta comunidad &#xd;
es destino favorito entre el resto de comunidades autonómicas de España, &#xd;
en cuanto a esta modalidad turística se refiere.&#xd;
Este trabajo se centra en aproximar al lector a la comprensión del concepto &#xd;
del turismo rural. Se analiza la estructura de esta categoría turística, &#xd;
estudiando su oferta y demanda en la comunidad y se analizan a su vez los &#xd;
efectos provocados por el COVID-19 en este importante motor económico.&#xd;
Estudiaremos, entre otras cosas, los tipos, cantidad y distribución de &#xd;
alojamientos turísticos de la provincia, al tiempo que llevaremos a cabo un &#xd;
estudio sobre los viajeros y pernoctaciones que componen su demanda, junto &#xd;
con el gasto que esos turistas realizan en su viaje</subfield>
</datafield>
<datafield tag="024" ind2=" " ind1="8">
<subfield code="a">https://uvadoc.uva.es/handle/10324/56564</subfield>
</datafield>
<datafield ind1=" " ind2=" " tag="653">
<subfield code="a">Turismo rural - Castilla y León</subfield>
</datafield>
<datafield tag="245" ind1="0" ind2="0">
<subfield code="a">Análisis del turismo rural en Castilla y León</subfield>
</datafield>
</record></metadata></record></GetRecord></OAI-PMH>